[Event "Mallorca-ch School U14"]
[Site "Mallorca"]
[Date "2018.03.16"]
[Round "6"]
[White "Tomas Viver, Marta"]
[Black "Vives Morey, Tofol"]
[Result "0-1"]
[WhiteElo "1140"]
[BlackElo "1077"]
[PlyCount "118"]
[EventDate "2018.02.02"]
[EventType "swiss"]
[EventRounds "6"]
[EventCountry "ESP"]
[SourceTitle "EXT 2024"]
[Source "ChessBase"]
[SourceDate "2023.10.10"]
[SourceVersion "1"]
[SourceVersionDate "2023.10.10"]
[SourceQuality "1"]

1. d4 d5 2. Nf3 Nf6 3. Bf4 g6 4. e3 Nc6 5. Bd3 Bg7 6. c3 0-0 7. Ne5 Qe8 8. Nd2 Nh5 9. Ndf3 Nxf4 10. exf4 Nxe5 11. fxe5 Bf5 12. Bxf5 gxf5 13. Qd3 e6 14. Ng5 Qe7 15. h4 h6 16. Nf3 Rac8 17. Rh3 f6 18. Rg3 fxe5 19. Nxe5 Rf6 20. Ng6 Qe8 21. Nf4 e5 22. Nh5 Qxh5 23. dxe5 Rg6 24. Qxd5+ Kh7 25. Rxg6 Qxg6 26. 0-0-0 c6 27. Qd7 Re8 28. Re1 Qe6 29. Qxb7 Re7 30. Qa6 Bxe5 31. Kc2 Qd5 32. g3 Rd7 33. Qe2 Bg7 34. h5 Qxa2 35. Qe8 Qf7 36. Qe3 Qxh5 37. Qe6 Rc7 38. Qd6 Qf7 39. Rd1 Qe7 40. Qd3 Qe4 41. Qxe4 fxe4 42. Re1 Rf7 43. Rxe4 Rxf2+ 44. Kb3 Rg2 45. Ra4 Rxg3 46. Rxa7 h5 47. Ra1 h4 48. Rh1 Bf6 49. Kc4 Be7 50. b4 Kg6 51. Kd4 Kg5 52. Ra1 Bf6+ 53. Ke4 Bxc3 54. Ra5+ Kg4 55. Ra4 h3 56. Ra7 h2 57. Rh7 Rh3 58. Rxh3 Kxh3 59. b5 h1Q+ 0-1

[Event "Mallorca-ch School U14"]
[Site "Mallorca"]
[Date "2018.02.23"]
[Round "4.4"]
[White "Vives Morey, Tofol"]
[Black "Alzamora Gueguen, Jaume Andreu"]
[Result "0-1"]
[WhiteElo "1077"]
[BlackElo "1298"]
[PlyCount "74"]
[EventDate "2018.02.02"]
[EventType "swiss"]
[EventRounds "6"]
[EventCountry "ESP"]
[SourceTitle "EXT 2024"]
[Source "ChessBase"]
[SourceDate "2023.10.10"]
[SourceVersion "1"]
[SourceVersionDate "2023.10.10"]
[SourceQuality "1"]

1. d4 d5 2. Nf3 Nf6 3. g3 e6 4. Bg2 Be7 5. 0-0 Nbd7 6. a3 0-0 7. Nc3 b6 8. Ne5 Bb7 9. Bg5 h6 10. Bxf6 Bxf6 11. f4 c5 12. b3 Qc8 13. Nxd7 Bxd4+ 14. Kh1 Bxc3 15. Nxf8 Bxa1 16. Qxa1 Qxf8 17. a4 Rc8 18. c4 Qd8 19. Rd1 Qd7 20. e3 a6 21. e4 d4 22. a5 Qc6 23. Qa4 b5 24. cxb5 axb5 25. Qa3 Rd8 26. b4 c4 27. Qc1 f5 28. Re1 d3 29. Qc3 d2 30. Rd1 Rd3 31. Qc2 Qd6 32. Bf1 Bxe4+ 33. Bg2 Qd4 34. Bxe4 Qxe4+ 35. Kg1 Rxg3+ 36. hxg3 Qxc2 37. Rxd2 Qxd2 0-1